<?xml version="1.0" encoding="UTF-8"?>
<collection xmlns="http://www.loc.gov/MARC21/slim">
 <record>
  <leader>06784nam a2200313 a 4500</leader>
  <controlfield tag="001">kal5887</controlfield>
  <controlfield tag="003">Gr-AtHEAL</controlfield>
  <controlfield tag="005">20160515191806.0</controlfield>
  <controlfield tag="006">m        d        </controlfield>
  <controlfield tag="008">160413s2015    gr      s           gre|c</controlfield>
  <datafield tag="020" ind1=" " ind2=" ">
   <subfield code="a">9789606035050</subfield>
  </datafield>
  <datafield tag="040" ind1=" " ind2=" ">
   <subfield code="a">GR-AtHEAL</subfield>
   <subfield code="b">gre</subfield>
   <subfield code="c">GR-AtHEAL</subfield>
  </datafield>
  <datafield tag="082" ind1="0" ind2="4">
   <subfield code="a">628.2</subfield>
   <subfield code="2">23</subfield>
  </datafield>
  <datafield tag="100" ind1="1" ind2=" ">
   <subfield code="a">Κουτσογιάννης, Δημήτριος.</subfield>
   <subfield code="8">2865</subfield>
  </datafield>
  <datafield tag="245" ind1="1" ind2="0">
   <subfield code="a">Σχεδιασμός Αστικών Δικτύων Αποχέτευσης</subfield>
   <subfield code="h">[Ηλεκτρονικός πόρος] </subfield>
   <subfield code="c">Κουτσογιάννης, Δημήτριος.</subfield>
  </datafield>
  <datafield tag="260" ind1=" " ind2=" ">
   <subfield code="a">Αθήνα :</subfield>
   <subfield code="b">Σύνδεσμος Ελληνικών Ακαδημαϊκών Βιβλιοθηκών,</subfield>
   <subfield code="c">c2015.</subfield>
  </datafield>
  <datafield tag="300" ind1=" " ind2=" ">
   <subfield code="a">193 σ.</subfield>
  </datafield>
  <datafield tag="490" ind1=" " ind2=" ">
   <subfield code="a">Ακαδημαϊκά Ηλεκτρονικά Συγγράμματα και Βοηθήματα Κάλλιπος</subfield>
   <subfield code="8">40</subfield>
  </datafield>
  <datafield tag="520" ind1=" " ind2=" ">
   <subfield code="a">Το βιβλίο καλύπτει θέματα σχεδιασμού και λειτουργικού ελέγχου των δικτύων αποχέτευσης. Περιλαμβάνει στοιχεία από την ελληνική τεχνολογική εμπειρία στα αποχετευτικά έργα (μεθοδολογίες και προδιαγραφές) με παράλληλη αναφορά σε στοιχεία της διεθνούς βιβλιογραφίας. Δίνει έμφαση στις επιστημονικές αρχές που αιτιολογούν τις προδιαγραφές και τις μεθοδολογίες. Επίσης, ενσωματώνει και ορισμένα πρωτότυπα στοιχεία. Αποτελείται από οκτώ κεφάλαια. Στο πρώτο δίνονται οι βασικές έννοιες και οι ορισμοί μαζί με ένα σύντομο ιστορικό και μια γενική περιγραφή των μελετών αποχέτευσης. Στο δεύτερο κεφάλαιο αναφέρονται οι μέθοδοι εκτίμησης των παροχών ακαθάρτων, με παράθεση χρήσιμων δεδομένων, ελληνικών και διεθνών. Στο τρίτο κεφάλαιο δίνεται η τυπική μεθοδολογία εκτίμησης των παροχών ομβρίων, με ιδιαίτερη αναφορά στις ελληνικές συνθήκες (παράθεση τυπικών όμβριων καμπυλών, κτλ.). Το τέταρτο κεφάλαιο καλύπτει τους υδραυλικούς υπολογισμούς που είναι απαραίτητοι για το σχεδιασμό, τον έλεγχο επάρκειας και την εκτίμηση των χαρακτηριστικών ροής των αγωγών αποχέτευσης. Έμφαση δίνεται στην αντιμετώπιση ορισμένων μη τυπικών καταστάσεων λειτουργίας των αγωγών (πχ. πολύ μεγάλες ή πολύ μικρές κλίσεις και ταχύτητες), οι οποίες μπορεί να προκαλέσουν σοβαρά προβλήματα στη λειτουργία των δικτύων. Στο πέμπτο κεφάλαιο παρουσιάζονται οι πιο σύγχρονες αντιλήψεις και υπολογιστικές μέθοδοι των αποχετευτικών δικτύων που βασίζονται στην συνολική προσομοίωση της λειτουργίας τους (υδρολογική και υδραυλική). Το έκτο κεφάλαιο καλύπτει ορισμένα ποιοτικά θέματα τα οποία συναρτώνται με το σχεδιασμό και τον έλεγχο της λειτουργίας των δικτύων, όπως είναι η παραγωγή και απελευθέρωση υδροθείου στους αγωγούς και οι συνέπειές της. Στο έβδομο κεφάλαιο περιλαμβάνονται τεχνολογικά θέματα, όπως η επιλογή υλικών για τους προκατασκευασμένους σωλήνες, ο τρόπος κατασκευής των χυτών επί τόπου αγωγών και η αντιδιαβρωτική προστασία των αγωγών λυμάτων. Τέλος, στο όγδοο κεφάλαιο δίνονται πληροφορίες για κάποια εναλλακτικά συστήματα αποχέτευσης. Μερικές από τις πρωτότυπες αναλύσεις που περιλαμβάνονται στο βιβλίο είναι: (α) η στατιστική θεμελίωση και μοντελοποίηση της διακύμανσης των παροχών ακαθάρτων, (β) η κατάρτιση αλγορίθμων αριθμητικής επίλυσης διάφορων υδραυλικών προβλημάτων, (γ) η εξαγωγή αναλυτικών σχέσεων που μπορούν να αντικαταστήσουν διάφορα εμπειρικά νομογραφήματα ή πίνακες της βιβλιογραφίας (π.χ. εξίσωση μεταβολής της τραχύτητας συναρτήσει του αδιαστατοποιημένου βάθους ροής σε κυκλικούς αγωγούς, αντίστοιχη εξίσωση για τον άμεσο προσεγγιστικό υπολογισμό του κρίσιμου βάθους σε κυκλικούς αγωγούς, εξίσωση εκτίμησης του συντελεστή τοπικών απωλειών σε συμβολές αποχετευτικών αγωγών), και (δ) η συστηματοποίηση και μεταφορά στο σύστημα μονάδων SI διάφορων εμπειρικών εξισώσεων της βιβλιογραφίας (π.χ. εξισώσεις εκτίμησης χρόνων συρροής ομβρίων, εξισώσεις παραγωγής υδροθείου, κ.ά.).</subfield>
  </datafield>
  <datafield tag="650" ind1=" " ind2="0">
   <subfield code="a">Sewerage</subfield>
   <subfield code="x">Design and construction</subfield>
   <subfield code="8">2956</subfield>
  </datafield>
  <datafield tag="653" ind1=" " ind2=" ">
   <subfield code="a">Υδραυλική</subfield>
  </datafield>
  <datafield tag="653" ind1=" " ind2=" ">
   <subfield code="a">Υδραυλικά Έργα</subfield>
  </datafield>
  <datafield tag="653" ind1=" " ind2=" ">
   <subfield code="a">Αποχετεύσεις</subfield>
  </datafield>
  <datafield tag="653" ind1=" " ind2=" ">
   <subfield code="a">Υγρά απόβλητα</subfield>
  </datafield>
  <datafield tag="856" ind1=" " ind2=" ">
   <subfield code="u">http://hdl.handle.net/11419/5887</subfield>
   <subfield code="z">Πλήρες Κείμενο - Full text</subfield>
  </datafield>
  <datafield tag="907" ind1=" " ind2=" ">
   <subfield code="a">.b25681655</subfield>
   <subfield code="b">12-06-18</subfield>
   <subfield code="c">29-07-16</subfield>
  </datafield>
  <datafield tag="949" ind1=" " ind2=" ">
   <subfield code="0">0</subfield>
   <subfield code="1">0</subfield>
   <subfield code="2">ddc</subfield>
   <subfield code="4">0</subfield>
   <subfield code="6">628_200000000000000_ΚΟΥ</subfield>
   <subfield code="7">0</subfield>
   <subfield code="8">KALL</subfield>
   <subfield code="8">930</subfield>
   <subfield code="d">2016-05-15</subfield>
   <subfield code="r">2016-05-15</subfield>
   <subfield code="w">2016-05-15</subfield>
   <subfield code="z">628.2 ΚΟΥ</subfield>
   <subfield code="o">SEAB KALLIPOS</subfield>
  </datafield>
  <datafield tag="998" ind1=" " ind2=" ">
   <subfield code="a">80</subfield>
   <subfield code="a">01</subfield>
   <subfield code="a">02</subfield>
   <subfield code="a">03</subfield>
   <subfield code="a">04</subfield>
   <subfield code="a">05</subfield>
   <subfield code="a">06</subfield>
   <subfield code="a">07</subfield>
   <subfield code="a">08</subfield>
   <subfield code="a">09</subfield>
   <subfield code="a">10</subfield>
   <subfield code="a">11</subfield>
   <subfield code="a">12</subfield>
   <subfield code="a">13</subfield>
   <subfield code="a">14</subfield>
   <subfield code="a">15</subfield>
   <subfield code="a">16</subfield>
   <subfield code="a">17</subfield>
   <subfield code="a">18</subfield>
   <subfield code="a">19</subfield>
   <subfield code="a">20</subfield>
   <subfield code="a">21</subfield>
   <subfield code="a">22</subfield>
   <subfield code="a">23</subfield>
   <subfield code="a">24</subfield>
   <subfield code="a">25</subfield>
   <subfield code="a">26</subfield>
   <subfield code="b">29-05-17</subfield>
   <subfield code="c">m</subfield>
   <subfield code="d">z  </subfield>
   <subfield code="e">-</subfield>
   <subfield code="f">gre</subfield>
   <subfield code="g">gr </subfield>
   <subfield code="h">0</subfield>
  </datafield>
  <datafield tag="942" ind1=" " ind2=" ">
   <subfield code="2">ddc</subfield>
   <subfield code="c">KALLIPOS</subfield>
  </datafield>
 </record>
</collection>
